| 000 | 00825nam a2200253Ia 4500 | ||
|---|---|---|---|
| 003 | OSt | ||
| 005 | 20220923221321.0 | ||
| 006 | a|||||r|||| 00| 0 | ||
| 007 | ta | ||
| 008 | 220922b |||||||| |||| 00| 0 hin d | ||
| 024 | _a197,116 | ||
| 037 | _cTextual | ||
| 040 |
_aARTS _cARTS _bhin |
||
| 041 |
_2hin _ahin |
||
| 082 | _aO152,6N335x, M8 | ||
| 100 | _aनन्दन, कन्हैया लाल | ||
| 245 | 0 | _aज़रिया नज़रिया | |
| 246 | _aज़riyā naज़riyā | ||
| 260 |
_aनयी दिल्ली _b सचिव प्रका0 _c1988 |
||
| 300 |
_a225पृ. _ccm. |
||
| 650 |
_aहिन्दी साहित्य _9156264 |
||
| 942 |
_hO152,6N335x, M8 _cTEXL _2CC |
||
| 999 |
_c348987 _d348987 |
||